| 000 | 01569nam0a2200301 i 4500 | ||
|---|---|---|---|
| 001 | RU\NLR\bibl\2048405 | ||
| 005 | 20260406164236.0 | ||
| 010 | _a9785170777143 | ||
| 010 |
_a978-5-271-46187-3 _92000 |
||
| 021 |
_aRU _b2013-42471 _92937 |
||
| 035 | _a(NLR Aleph) 002035511 | ||
| 090 |
_a4570906 _c4570906 |
||
| 100 | _a20130628d2013 cd y0rusy50 ca | ||
| 101 | 2 | _arus | |
| 102 | _aRU | ||
| 105 | _aa ||||||||| | ||
| 200 | 1 |
_aАлиса в Стране Чудес _aАлиса в Зазеркалье _e[для младшего и среднего школьного возраста] _fЛьюис Кэрролл _g[пересказ 1-го произведения Бориса Заходера _gпер. 2-го произведения Л. Яхнина] _gхудож. И. Олейников, Дж. Тенниел |
|
| 210 |
_aМосква _cПланета детства [и др.] _d2013 |
||
| 215 |
_a444, [3] с. _cил. _d21 |
||
| 700 | 1 |
_4070 _7ca _8rus _aКэрролл _bЛ. _f1832-1898 _gЛьюис _3RU\NLR\auth\7710596 _9120364 |
|
| 702 | 1 |
_4570 _8rus _7ca _aЗаходер _bБ. В. _f1918-2000 _gБорис Владимирович _3RU\NLR\auth\776188 _9116143 |
|
| 702 | 1 |
_4040 _aОлейников _bИ.Ю. _f1953- _gИгорь Юльевич _3RU\NLR\auth\7779206 _962134 |
|
| 702 | 1 |
_4040 _8rus _7ca _aТенниел _bД. _cхудожник _f1820-1914 _gДжон _3RU\NLR\auth\7794524 _977450 |
|
| 801 | 0 |
_aRU _bNLR _c20130628 _gRCR |
|
| 801 | 1 |
_aRU _bNLR _c20130628 |
|
| 942 | _cBOOK | ||
| 980 | _aNBR | ||